Normal view
MARC view
- Golding , Louis
Entry Personal Name
001 - CONTROL NUMBER
- control field: 111615
003 - CONTROL NUMBER IDENTIFIER
- control field: NUST
005 - DATE AND TIME OF LATEST TRANSACTION
- control field: 20230331085952.0
008 - FIXED-LENGTH DATA ELEMENTS
- fixed length control field: 230331|| aca||aabn | a|a d
040 ## - CATALOGING SOURCE
- Original cataloging agency: NUST
- Transcribing agency: NUST
100 ## - HEADING--PERSONAL NAME
- Personal name: Golding , Louis
670 ## - SOURCE DATA FOUND
- Source citation: Work cat.: (NUST)186904: Golding , Louis, Mr Emmanuel / , 1939.
